|
|
|
|
| LEADER |
01252nab a2200313 i 4500 |
| 001 |
publ23870 |
| 005 |
20220328083213.0 |
| 008 |
220328s2022 hu o 0|| Angol d |
| 022 |
|
|
|a 0141-8130
|
| 024 |
7 |
|
|a 10.1016/j.ijbiomac.2021.12.184
|2 doi
|
| 024 |
7 |
|
|a 32591465
|2 mtmt
|
| 040 |
|
|
|a SZTE Publicatio Repozitórium
|b hun
|
| 041 |
|
|
|a Angol
|
| 100 |
1 |
|
|a Datki Zsolt László
|
| 245 |
1 |
4 |
|a The interacting rotifer-biopolymers are anti- and disaggregating agents for human-type beta-amyloid in vitro
|h [elektronikus dokumentum] /
|c Datki Zsolt László
|
| 260 |
|
|
|c 2022
|
| 300 |
|
|
|a 262-269
|
| 490 |
0 |
|
|a INTERNATIONAL JOURNAL OF BIOLOGICAL MACROMOLECULES
|v 201
|
| 650 |
|
4 |
|a Általános orvostudomány
|
| 650 |
|
4 |
|a Klinikai orvostan
|
| 700 |
0 |
1 |
|a Balázs Evelin
|e aut
|
| 700 |
0 |
1 |
|a Gálik Bence
|e aut
|
| 700 |
0 |
1 |
|a Sinka Rita
|e aut
|
| 700 |
0 |
1 |
|a Zeitler Lavinia
|e aut
|
| 700 |
0 |
1 |
|a Bozsó Zsolt
|e aut
|
| 700 |
0 |
1 |
|a Kálmán János
|e aut
|
| 700 |
0 |
1 |
|a Hortobágyi Tibor
|e aut
|
| 700 |
0 |
1 |
|a Oláh Zita
|e aut
|
| 856 |
4 |
0 |
|u http://publicatio.bibl.u-szeged.hu/23870/1/S0141813021028282token2D5DE34BA66CA6E017FA7FA8822319A54B0A22D28CD3BD30DA69EB143C004AFCA29901ECC704748461DA79A485487573originRegioneu-west-1originCreation20220321131650
|z Dokumentum-elérés
|